Bioanalytical Chemistry
Salvato in:
| Autore principale: | |
|---|---|
| Altri autori: | , |
| Natura: | Libro |
| Lingua: | inglese |
| Pubblicazione: |
London
Imperial College Press
2004
|
| Accesso online: | Visualizza in OPAC |
| Tags: |
Nessun Tag, puoi essere il primo ad aggiungerne!!
|
MARC
| LEADER | 00000nam a2200000 a 4500 | ||
|---|---|---|---|
| 005 | 20260127134126.0 | ||
| 008 | 051214 2004 enk 000 0 eng d | ||
| 020 | |a 1860943713 | ||
| 035 | |a vtls008418488 | ||
| 039 | 9 | |y 200512140952 |z mschk03 | |
| 040 | |a STUSCHK1 |b slo |c STUSCHK1 |e AACR2 | ||
| 080 | |a 577.1:543 | ||
| 100 | 1 | |a Manz, Andreas | |
| 245 | 1 | |a Bioanalytical Chemistry | |
| 260 | |a London |b Imperial College Press |c 2004 | ||
| 300 | |a 201 s. | ||
| 700 | 1 | |a Pamme, Nicole | |
| 700 | 1 | |a Iossifidis, Dimitri | |
| 910 | |a SCHK95 | ||
| 919 | |a 1-86094-371-3 | ||
| 999 | |c 4669 |d 4669 | ||